000
00286nam a22000977a 4500
999
_c
515648
_d
515648
082
_a
TNC A31 H588 (R)
100
_a
Bagchi, Asoke K.
_9
21370
245
_a
Hinduja foundation encyclopaedia of nobel laureates 1901-1996
_c
by Asoke K. Bagchi
260
_a
Delhi
_b
Konark
_c
1988
300
_a
720p.